000 01043nam a2200265Ia 4500
003 OSt
005 20220923211247.0
006 a|||||r|||| 00| 0
007 ta
008 220922b |||||||| |||| 00| 0 hin d
020 _a9788178543826 (hbk)
_c2500
024 _a354,804
037 _b103, 17/12/2021, Eastern Book Linkers
_cTextual
040 _aARTS
_cARTS
_bhin
041 _2hin
_ahin
082 _aY:1.444, 152Q0
100 _aनेगी, विद्यासागर, ले.
245 0 _aआसरङ्
_b एक प्रत्यन्त हिमालयी गॉंव
246 _aĀsaran: ek pratyanta himālayī gaॉanva: janajīvan evan sanskṛuti
260 _aदिल्ली
_b ईस्टर्न बुक लिंकर्स
_c2020
300 _a404पृ.
_ccm.
650 _aसमाजशास्त्र
942 _hY:1.444, 152Q0
_cTEXL
_2CC
999 _c297843
_d297843